| 000 | 00623nam a22001937a 4500 | ||
|---|---|---|---|
| 999 |
_c180489 _d180489 |
||
| 005 | 20210810131814.0 | ||
| 010 | _aENG-129722 | ||
| 020 |
_c410.00 _a978-93-90744-94-7 |
||
| 035 | _aEN-113254 | ||
| 037 | _bDBAD/PUB | ||
| 082 | _a000 | ||
| 100 | _aGupta's, R | ||
| 245 |
_aPopular Master Guide: _bJamia Millia Islamia B.Ed/ _cR. Gupta's |
||
| 250 | _a2022 | ||
| 260 |
_bRamesh Publishing House _c2022 _aNew Delhi |
||
| 270 |
_minfo@rameshpublishouse.com _a12-H, New Daryaganj Road, Opp. Officers' Mess _bNew Delhi _e110002 _k011-23261567 |
||
| 300 |
_a350 p. _c28cm (pbk) |
||
| 942 |
_2ddc _cEN _h000 _kGUP |
||